000 00369nam a2200169Ia 4500
100 _aHwang/Enoch O
650 _aVHDL
942 _cBK
366 _f20
654 _aVHDL
245 _aDigital logic and Microprocessors design with VHDL
260 _bCengage Learning
_c2006
082 _a621.395
_bHWA
300 _a588
546 _aENGLISH
_cTTL
999 _c25288
_d25288